| 000 | 01000 a2200229 4500 | ||
|---|---|---|---|
| 001 | 116911 | ||
| 020 | _a9781474944274 | ||
| 020 | _qenc. | ||
| 041 | _apor | ||
| 082 | _a700 | ||
| 100 | _aCourtauld, Sarah | ||
| 520 | _aEste livro está recheado de famosas obras de pintores impressionistas. Você vai aprender sobre os pintores, as inspirações para suas artes e como eles influenciaram uns aos outros para produzir algumas das obras mais admiradas mundialmente. Lindas ilustrações das peças originais em cada página, além de detalhes de muitas obras. | ||
| 697 | _aMuseus | ||
| 856 | _u000027/00002774.jpg | ||
| 040 |
_aBR-BrIDEA _cBR-BrIDEA |
||
| 090 |
_aP Year 2 700 _bCOU |
||
| 245 | 1 | 0 |
_aMuseu impressionista ilustrado _cSarah Courtauld & Kate Davies ; Ilustrações de Shirley Chiang . Tradução de Maria Elisa Bifano |
| 260 |
_aSão Paulo, SP _bUsborne _c2018 |
||
| 300 |
_a30 p. _bcol. ill. |
||
| 700 |
_aDavies, Kate. _4autora _aChiang, Shirley, _eilustradora |
||
| 942 | _cBK | ||
| 999 |
_c116911 _d116911 |
||